Farm animals exclusive - Statistics

General Stats
  • This quiz has been taken 59 times
  • The average score is 10 of 12
Answer Stats
Picture Answer % Correct
Llama
100%
Alpaca
89%
Bull
89%
Cow
89%
Hen
89%
Horse
89%
Turkey
89%
Buffalo
86%
Rooster
82%
Quail
68%
Yak
61%
Zebu
50%
No matching quizzes found
Score Distribution
Percent of People with Each Score
Percentile by Number Answered
Your Score History
You have not taken this quiz